Исследования теплоотдачи к пару и воде, кипящей в трубах при высоких давлениях: [сборник статей]

מידע ביבליוגרפי
מחבר תאגידי: СССР Главное управление по использованию атомной энергии
מחברים אחרים: Доллежаль Н. А. (редактор)
שפה:רוסית
יצא לאור: Москва, Атомиздат, 1958
נושאים:
פורמט: ספר
KOHA link:https://koha.lib.tpu.ru/cgi-bin/koha/opac-detail.pl?biblionumber=310048

MARC

LEADER 00000nam0a2200000 4500
001 310048
005 20231102002241.0
035 |a (RuTPU)RU\TPU\book\335389 
090 |a 310048 
100 |a 20151120d1958 k y0rusy50 ca 
101 0 |a rus 
102 |a RU 
105 |a a z 001zy 
200 1 |a Исследования теплоотдачи к пару и воде, кипящей в трубах при высоких давлениях  |e [сборник статей]  |f СССР, Главное управление по использованию атомной энергии ; под ред. Н. А. Доллежаля 
210 |a Москва  |c Атомиздат  |d 1958 
215 |a 167 с.  |c ил. 
320 |a Библиография в конце статей 
606 1 |a Теплопередача при кипении  |2 stltpush  |3 (RuTPU)RU\TPU\subj\59790  |9 77288 
610 1 |a трубы 
610 1 |a тепловая нагрузка 
610 1 |a теплоотдача 
610 1 |a давление 
610 1 |a паросодержание 
610 1 |a недогрев 
610 1 |a диаметры 
610 1 |a кипящие жидкости 
610 1 |a трубные стенки 
610 1 |a теплообмен 
675 |a 536.248  |v 4 
702 1 |a Доллежаль  |b Н. А.  |4 340 
712 0 1 |a СССР  |b Главное управление по использованию атомной энергии  |2 stltpush  |3 (RuTPU)RU\TPU\col\15833  |9 26284 
801 1 |a RU  |b 63413507  |c 20151120 
801 2 |a RU  |b 63413507  |c 20151130  |g RCR 
942 |c BK